Kandydaci na prezydenta Polski 2025 - nagła śmierć - Statystyki

Ogólne statystyki
  • Ten quiz został rozwiązany 1 998 razy
    1 862 od ostatniego zresetowania
  • Średni wynik to 11 z 13
Answers on the Grid
Answers color-coded by a green-red scale on the quiz's grid according to % correct below.
Sławomir Mentzen
Władysław Kosiniak-Kamysz
Karol Nawrocki
Adam Małysz
Jan Kowalski
Grzegorz Braun
Katarzyna Cichopek
Szymon Hołownia
Adrian Zandberg
Krzysztof Stanowski
Borys Budka
Zbigniew Boniek
Rafał Trzaskowski
Paweł Tanajno
Małgorzata Kidawa-Błońska
Joanna Senyszyn
Mateusz Morawiecki
Marek Jakubiak
Artur Bartoszewicz
Magdalena Biejat
Paweł Kukiz
Marek Woch
Paweł Paczul
Romuald Starosielec
Donald Tusk
Marianna Schreiber
Piotr Żyła
Maciej Maciak
 
Statystyki odpowiedzi
Odpowiedź % Poprawnych
Sławomir Mentzen
99%
Karol Nawrocki
94%
Grzegorz Braun
92%
Rafał Trzaskowski
91%
Szymon Hołownia
91%
Adrian Zandberg
90%
Joanna Senyszyn
89%
Krzysztof Stanowski
89%
Magdalena Biejat
87%
Marek Jakubiak
83%
Maciej Maciak
81%
Marek Woch
79%
Artur Bartoszewicz
75%
Nie znaleziono quizów pasujących do podanych kryteriów
Rozkład punktacji
Procent ludzi z każdym wynikiem
Percentyl według liczby udzielonych odpowiedzi
Twoja historia wyników
Nie rozwiązałeś tego quizu od ostatniego zresetowania